000 00667nam a22002177a 4500
003 UA-OsUOA
001 36536
007 ta
008 20060131b un ||||| |||| 00| 0 ukr d
100 _aПроект Закону України
090 _a34
942 _cSA
040 _aUA-OsUOA
_bukr
_cUA-OsUOA
_dUA-OsUOA
245 _aПро відкритість і прозорість діяльності органу виконавчої влади, органу місцевого самоврядування
300 _aС.5
955 _a0
041 _aukr
080 _a34
773 0 _w36535
650 7 _a34 Право. Юриспруденція
_2UDC
999 _c322775
_d322775